<?xml version="1.0" encoding="UTF-8"?>
<record
    xmlns:xsi="http://www.w3.org/2001/XMLSchema-instance"
    xsi:schemaLocation="http://www.loc.gov/MARC21/slim http://www.loc.gov/standards/marcxml/schema/MARC21slim.xsd"
    xmlns="http://www.loc.gov/MARC21/slim">

  <leader>04394nam0a22006371  4500</leader>
  <controlfield tag="001">RU\NLR\A1\10026</controlfield>
  <controlfield tag="005">20260407112121.0</controlfield>
  <datafield tag="035" ind1=" " ind2=" ">
    <subfield code="a">(NLR Aleph) 009673467</subfield>
  </datafield>
  <datafield tag="090" ind1=" " ind2=" ">
    <subfield code="a">9672409</subfield>
    <subfield code="c">9672409</subfield>
  </datafield>
  <datafield tag="100" ind1=" " ind2=" ">
    <subfield code="a">19970616d1800    m  y0rusy50      ca</subfield>
  </datafield>
  <datafield tag="101" ind1="1" ind2=" ">
    <subfield code="a">rus</subfield>
    <subfield code="c">eng</subfield>
  </datafield>
  <datafield tag="102" ind1=" " ind2=" ">
    <subfield code="a">RU</subfield>
  </datafield>
  <datafield tag="135" ind1=" " ind2=" ">
    <subfield code="a">crcn 024anaba</subfield>
  </datafield>
  <datafield tag="140" ind1=" " ind2=" ">
    <subfield code="a">y   y    ka        yaa0000  </subfield>
  </datafield>
  <datafield tag="200" ind1="1" ind2=" ">
    <subfield code="a">&#x41E;&#x43F;&#x44B;&#x442; &#x43E; &#x43A;&#x440;&#x430;&#x441;&#x43D;&#x43E;&#x440;&#x435;&#x447;&#x438;&#x438; &#x43F;&#x440;&#x43E;&#x43F;&#x43E;&#x432;&#x435;&#x434;&#x43D;&#x438;&#x43A;&#x43E;&#x432;.</subfield>
    <subfield code="f">&#x421;&#x43E;&#x447;&#x438;&#x43D;&#x435;&#x43D;&#x438;&#x435; &#x433;. &#x430;&#x433;&#x43B;&#x438;&#x43D;&#x441;&#x43A;&#x430;&#x433;&#x43E; &#x434;&#x43E;&#x43A;&#x442;&#x43E;&#x440;&#x430; &#x411;&#x43B;&#x435;&#x440;&#x430;.</subfield>
    <subfield code="g">&#x41F;&#x435;&#x440;&#x435;&#x432;&#x435;&#x434;&#x435;&#x43D; &#x43D;&#x430; &#x440;&#x43E;&#x441;&#x441;&#x438;&#x439;&#x441;&#x43A;&#x438;&#x439; &#x44F;&#x437;&#x44B;&#x43A; &#x43D;&#x430;&#x445;&#x43E;&#x434;&#x44F;&#x449;&#x438;&#x43C;&#x441;&#x44F; &#x43F;&#x440;&#x438; &#x41A;&#x43E;&#x43F;&#x43F;&#x435;&#x43D;&#x433;&#x430;&#x433;&#x435;&#x43D;&#x441;&#x43A;&#x43E;&#x439; &#x43C;&#x438;&#x441;&#x441;&#x438;&#x438; &#x433;&#x440;&#x435;&#x43A;&#x43E;-&#x440;&#x43E;&#x441;&#x441;&#x438;&#x439;&#x441;&#x43A;&#x438;&#x43C; &#x441;&#x432;&#x44F;&#x449;&#x435;&#x43D;&#x43D;&#x438;&#x43A;&#x43E;&#x43C; &#x418;&#x432;&#x430;&#x43D;&#x43E;&#x43C; &#x41F;&#x430;&#x432;&#x438;&#x43D;&#x441;&#x43A;&#x438;&#x43C;.</subfield>
  </datafield>
  <datafield tag="210" ind1=" " ind2=" ">
    <subfield code="a">&#x412; &#x421;&#x430;&#x43D;&#x43A;&#x442;&#x43F;&#x435;&#x442;&#x435;&#x440;&#x431;&#x443;&#x440;&#x433;&#x435;</subfield>
    <subfield code="c">&#x432; &#x442;&#x438;&#x43F;&#x43E;&#x433;&#x440;&#x430;&#x444;&#x438;&#x438; &#x421;&#x432;&#x44F;&#x442;&#x435;&#x439;&#x448;&#x430;&#x433;&#x43E; &#x421;&#x438;&#x43D;&#x43E;&#x434;&#x430;</subfield>
    <subfield code="d">1800</subfield>
  </datafield>
  <datafield tag="215" ind1=" " ind2=" ">
    <subfield code="a">[2], 98 &#x441;.</subfield>
    <subfield code="d">12&#xB0;</subfield>
  </datafield>
  <datafield tag="306" ind1=" " ind2=" ">
    <subfield code="a">&#x41D;&#x430;&#x43F;&#x435;&#x447;&#x430;&#x442;&#x430;&#x43D;&#x43E; &#x43D;&#x430; &#x441;&#x447;&#x435;&#x442; &#x410;&#x43B;&#x435;&#x43A;&#x441;&#x430;&#x43D;&#x434;&#x440;&#x43E;-&#x41D;&#x435;&#x432;&#x441;&#x43A;&#x43E;&#x439; &#x430;&#x43A;&#x430;&#x434;&#x435;&#x43C;&#x438;&#x438;</subfield>
  </datafield>
  <datafield tag="310" ind1=" " ind2=" ">
    <subfield code="a">&#x422;&#x438;&#x440;&#x430;&#x436; 1200 &#x44D;&#x43A;&#x437;.</subfield>
  </datafield>
  <datafield tag="316" ind1=" " ind2=" ">
    <subfield code="a">&#x42D;&#x43A;&#x437;. &#x420;&#x41D;&#x411; (18.112.5.51) &#x432; &#x441;&#x43E;&#x441;&#x442;&#x430;&#x432;&#x43D;&#x43E;&#x43C; &#x43A;&#x430;&#x440;&#x442;&#x43E;&#x43D;. &#x43F;&#x435;&#x440;., &#x43E;&#x43A;&#x43B;&#x435;&#x435;&#x43D;&#x43D;&#x43E;&#x43C; &#x43C;&#x440;&#x430;&#x43C;&#x43E;&#x440;. &#x431;&#x443;&#x43C;&#x430;&#x433;&#x43E;&#x439;, &#x441; &#x43A;&#x43E;&#x436;&#x430;&#x43D;&#x44B;&#x43C; &#x43A;&#x43E;&#x440;&#x435;&#x448;&#x43A;&#x43E;&#x43C; &#x438; &#x443;&#x433;&#x43E;&#x43B;&#x43A;&#x430;&#x43C;&#x438; &#x43A;&#x43E;&#x440;&#x438;&#x447;&#x43D;&#x435;&#x432;&#x43E;&#x433;&#x43E; &#x446;&#x432;&#x435;&#x442;&#x430;. &#x41D;&#x430; &#x43D;&#x438;&#x436;&#x43D;&#x435;&#x439; &#x43A;&#x440;&#x44B;&#x448;&#x43A;&#x435; &#x43F;&#x435;&#x440;. &#x44D;&#x43A;&#x441;&#x43B;&#x438;&#x431;&#x440;&#x438;&#x441; &#x420;&#x443;&#x441;. &#x444;&#x43E;&#x43D;&#x434;&#x430; &#x420;&#x41D;&#x411; &#x441; &#x448;&#x438;&#x444;&#x440;&#x43E;&#x43C;. &#x41A;&#x43E;&#x440;&#x435;&#x448;&#x43E;&#x43A; &#x433;&#x43B;&#x430;&#x434;&#x43A;&#x438;&#x439; &#x441; &#x437;&#x43E;&#x43B;&#x43E;&#x442;&#x44B;&#x43C; &#x442;&#x438;&#x441;&#x43D;&#x435;&#x43D;&#x438;&#x435;&#x43C; &#x438; &#x432;&#x44B;&#x441;&#x442;&#x438;&#x441;&#x43D;. &#x437;&#x430;&#x433;&#x43B;.: "&#x41E;&#x43F;&#x44B;&#x442; &#x43E; &#x43A;&#x440;&#x430;&#x441;&#x43D;&#x43E;&#x440;." &#x41D;&#x430; &#x43A;&#x43E;&#x440;&#x435;&#x448;&#x43A;&#x435; &#x431;&#x443;&#x43C;&#x430;&#x436;. &#x43D;&#x430;&#x43A;&#x43B;&#x435;&#x439;&#x43A;&#x430; &#x441; &#x43F;&#x43E;&#x440;&#x44F;&#x434;&#x43A;&#x43E;&#x432;&#x44B;&#x43C; &#x43D;&#x43E;&#x43C;&#x435;&#x440;&#x43E;&#x43C; &#x43A;&#x43D;&#x438;&#x433;&#x438; &#x43D;&#x430; &#x43F;&#x43E;&#x43B;&#x43A;&#x435;: "51". &#x41D;&#x430; &#x444;&#x43E;&#x440;&#x437;&#x430;&#x446;&#x435; &#x44F;&#x440;&#x43B;&#x44B;&#x43A; &#x441; &#x448;&#x438;&#x444;&#x440;&#x43E;&#x43C; &#x420;&#x41D;&#x411;, &#x43D;&#x430;&#x43A;&#x43B;&#x435;&#x435;&#x43D;&#x43D;&#x44B;&#x439; &#x43F;&#x43E;&#x432;&#x435;&#x440;&#x445; &#x44D;&#x43A;&#x441;&#x43B;&#x438;&#x431;&#x440;&#x438;&#x441;&#x430; &#x431;-&#x43A;&#x438; &#x421;&#x43C;&#x438;&#x440;&#x434;&#x438;&#x43D;&#x430;, &#x438; &#x44F;&#x440;&#x43B;&#x44B;&#x43A; &#x441;&#x43E; &#x441;&#x442;&#x430;&#x440;&#x44B;&#x43C; &#x448;&#x438;&#x444;&#x440;&#x43E;&#x43C; &#x420;&#x41D;&#x411; (&#x43F;&#x435;&#x440;&#x435;&#x447;&#x435;&#x440;&#x43A;&#x43D;&#x443;&#x442;). &#x41D;&#x430; &#x442;&#x438;&#x442;. &#x43B;. &#x438; &#x441;. 98 &#x43A;&#x440;&#x443;&#x433;&#x43B;&#x44B;&#x439; &#x448;&#x442;&#x430;&#x43C;&#x43F; &#x413;&#x41F;&#x411; &#x438; &#x448;&#x442;&#x430;&#x43C;&#x43F; &#x418;&#x411; &#x432; &#x432;&#x435;&#x43D;&#x43A;&#x435; &#x441; &#x43A;&#x43E;&#x440;&#x43E;&#x43D;&#x43E;&#x439;. &#x41D;&#x430; &#x441;.33 &#x43A;&#x440;&#x443;&#x433;&#x43B;&#x44B;&#x439; &#x448;&#x442;&#x430;&#x43C;&#x43F; &#x413;&#x41F;&#x411;. &#x420;&#x430;&#x437;&#x43C;&#x435;&#x440;: 16,3&#x445;9,8&#x445;1,5 &#x441;&#x43C;</subfield>
    <subfield code="5">NLR: 18.112.5.51</subfield>
  </datafield>
  <datafield tag="316" ind1=" " ind2=" ">
    <subfield code="a">&#x42D;&#x43A;&#x437;. &#x420;&#x41D;&#x411; (&#x420;&#x417;&#x424; 18 &#x432;. 1/335) &#x432; &#x43E;&#x431;&#x43B;. &#x438;&#x437; &#x441;&#x438;&#x43D;&#x435;&#x439; &#x431;&#x443;&#x43C;&#x430;&#x433;&#x438;. &#x41D;&#x430; 4-&#x439; &#x441;&#x442;&#x440;&#x430;&#x43D;&#x438;&#x446;&#x435; &#x43E;&#x431;&#x43B;. &#x44D;&#x43A;&#x441;&#x43B;&#x438;&#x431;&#x440;&#x438;&#x441; &#x420;&#x417;&#x424; &#x413;&#x41F;&#x411; &#x441; &#x448;&#x438;&#x444;&#x440;&#x43E;&#x43C;. &#x41D;&#x430; &#x43A;&#x43E;&#x440;&#x435;&#x448;&#x43A;&#x435; &#x431;&#x443;&#x43C;&#x430;&#x436;. &#x43D;&#x430;&#x43A;&#x43B;&#x435;&#x439;&#x43A;&#x430; &#x441; &#x43D;&#x43E;&#x43C;&#x435;&#x440;&#x43E;&#x43C;: "053".</subfield>
    <subfield code="5">NLR: &#x420;&#x417;&#x424; 18 &#x432;. 1/335</subfield>
  </datafield>
  <datafield tag="316" ind1=" " ind2=" ">
    <subfield code="a">&#x42D;&#x43A;&#x437;. &#x420;&#x41D;&#x411; (&#x420;&#x417;&#x424; 18 &#x432;. 1/335&#x430;) &#x432; &#x43E;&#x431;&#x43B;. &#x438;&#x437; &#x441;&#x438;&#x43D;&#x435;&#x439; &#x431;&#x443;&#x43C;&#x430;&#x433;&#x438;. &#x41D;&#x430; 4-&#x439; &#x441;&#x442;&#x440;&#x430;&#x43D;&#x438;&#x446;&#x435; &#x43E;&#x431;&#x43B;. &#x44D;&#x43A;&#x441;&#x43B;&#x438;&#x431;&#x440;&#x438;&#x441; &#x420;&#x417;&#x424; &#x413;&#x41F;&#x411; &#x441; &#x448;&#x438;&#x444;&#x440;&#x43E;&#x43C;. &#x41D;&#x430; &#x43A;&#x43E;&#x440;&#x435;&#x448;&#x43A;&#x435; &#x431;&#x443;&#x43C;&#x430;&#x436;. &#x43D;&#x430;&#x43A;&#x43B;&#x435;&#x439;&#x43A;&#x430; &#x441; &#x43D;&#x43E;&#x43C;&#x435;&#x440;&#x43E;&#x43C;: "4041".</subfield>
    <subfield code="5">NLR: &#x420;&#x417;&#x424; 18 &#x432;. 1/335&#x430;</subfield>
  </datafield>
  <datafield tag="317" ind1=" " ind2=" ">
    <subfield code="a">&#x412; &#x44D;&#x43A;&#x437;. &#x420;&#x41D;&#x411; (18.112.5.51) &#x43D;&#x430; &#x444;&#x43E;&#x440;&#x437;&#x430;&#x446;&#x435; &#x44D;&#x43A;&#x441;&#x43B;&#x438;&#x431;&#x440;&#x438;&#x441; &#x411;-&#x43A;&#x438; &#x434;&#x43B;&#x44F; &#x447;&#x442;&#x435;&#x43D;&#x438;&#x44F; &#x410;.&#x424;.&#x421;&#x43C;&#x438;&#x440;&#x434;&#x438;&#x43D;&#x430; (&#x411;&#x43E;&#x433;&#x43E;&#x43C;&#x43E;&#x43B;&#x43E;&#x432; 14507), &#x441; &#x432;&#x43F;&#x438;&#x441;&#x430;&#x43D;&#x43D;&#x44B;&#x43C; &#x43D;&#x43E;&#x43C;&#x435;&#x440;&#x43E;&#x43C;: 6047</subfield>
    <subfield code="5">NLR: 18.112.5.51</subfield>
  </datafield>
  <datafield tag="321" ind1="1" ind2=" ">
    <subfield code="a">&#x421;&#x41A; XVIII 608</subfield>
  </datafield>
  <datafield tag="321" ind1=" " ind2=" ">
    <subfield code="a">&#x421;&#x41A; XVIII. &#x422;.5. &#x421;.296</subfield>
  </datafield>
  <datafield tag="325" ind1=" " ind2=" ">
    <subfield code="a">&#x41A;&#x43E;&#x43F;&#x438;&#x44F; &#x434;&#x43E;&#x441;&#x442;&#x443;&#x43F;&#x43D;&#x430; &#x432; &#x42D;&#x43B;&#x435;&#x43A;&#x442;&#x440;&#x43E;&#x43D;. &#x431;-&#x43A;&#x435; &#x420;&#x41D;&#x411;</subfield>
  </datafield>
  <datafield tag="620" ind1=" " ind2=" ">
    <subfield code="d">&#x421;&#x430;&#x43D;&#x43A;&#x442;-&#x41F;&#x435;&#x442;&#x435;&#x440;&#x431;&#x443;&#x440;&#x433;</subfield>
  </datafield>
  <datafield tag="700" ind1=" " ind2="1">
    <subfield code="4">070</subfield>
    <subfield code="8">rus</subfield>
    <subfield code="7">ca</subfield>
    <subfield code="a">&#x411;&#x43B;&#x44D;&#x440;</subfield>
    <subfield code="b">&#x425;.</subfield>
    <subfield code="f">1718-1800</subfield>
    <subfield code="g">&#x425;&#x44C;&#x44E;</subfield>
    <subfield code="3">RU\NLR\AUTH\77106742</subfield>
    <subfield code="9">89667</subfield>
  </datafield>
  <datafield tag="702" ind1=" " ind2="0">
    <subfield code="6">z02790</subfield>
    <subfield code="a">&#x418;&#x43E;&#x43D;&#x430;</subfield>
    <subfield code="c">&#x41F;&#x430;&#x432;&#x438;&#x43D;&#x441;&#x43A;&#x438;&#x439;, &#x418;&#x432;&#x430;&#x43D; &#x414;&#x43C;&#x438;&#x442;&#x440;&#x438;&#x435;&#x432;&#x438;&#x447;</subfield>
    <subfield code="f">1773-1828</subfield>
    <subfield code="4">730</subfield>
  </datafield>
  <datafield tag="712" ind1="0" ind2="2">
    <subfield code="4">610</subfield>
    <subfield code="a">&#x41F;&#x435;&#x442;&#x435;&#x440;&#x431;&#x443;&#x440;&#x433;&#x441;&#x43A;&#x430;&#x44F; &#x441;&#x438;&#x43D;&#x43E;&#x434;&#x430;&#x43B;&#x44C;&#x43D;&#x430;&#x44F; &#x442;&#x438;&#x43F;&#x43E;&#x433;&#x440;&#x430;&#x444;&#x438;&#x44F;</subfield>
    <subfield code="3">RU\NLR\AUTH\889940130</subfield>
    <subfield code="9">375089</subfield>
  </datafield>
  <datafield tag="790" ind1=" " ind2="1">
    <subfield code="6">z02702</subfield>
    <subfield code="a">&#x41F;&#x430;&#x432;&#x438;&#x43D;&#x441;&#x43A;&#x438;&#x439;</subfield>
    <subfield code="b">&#x418;. &#x414;.</subfield>
    <subfield code="g">&#x418;&#x432;&#x430;&#x43D; &#x414;&#x43C;&#x438;&#x442;&#x440;&#x438;&#x435;&#x432;&#x438;&#x447;</subfield>
  </datafield>
  <datafield tag="790" ind1=" " ind2="1">
    <subfield code="6">z03700</subfield>
    <subfield code="a">&#x411;&#x43B;&#x435;&#x440;</subfield>
  </datafield>
  <datafield tag="801" ind1=" " ind2="0">
    <subfield code="a">RU</subfield>
    <subfield code="b">NLR</subfield>
    <subfield code="c">19970616</subfield>
  </datafield>
  <datafield tag="852" ind1=" " ind2=" ">
    <subfield code="a">NLR</subfield>
    <subfield code="j">18.112.5.51</subfield>
  </datafield>
  <datafield tag="852" ind1=" " ind2=" ">
    <subfield code="a">NLR</subfield>
    <subfield code="b">&#x420;&#x417;&#x424;</subfield>
    <subfield code="j">18 &#x432;. 1/335</subfield>
  </datafield>
  <datafield tag="852" ind1=" " ind2=" ">
    <subfield code="a">NLR</subfield>
    <subfield code="b">&#x420;&#x417;&#x424;</subfield>
    <subfield code="j">18 &#x432;. 1/335&#x430;</subfield>
  </datafield>
  <datafield tag="856" ind1=" " ind2="0">
    <subfield code="u">http://vivaldi.nlr.ru/bx000016646/view</subfield>
  </datafield>
  <datafield tag="856" ind1=" " ind2="1">
    <subfield code="u">http://vivaldi.nlr.ru/bx000016646/cover</subfield>
  </datafield>
  <datafield tag="856" ind1=" " ind2="2">
    <subfield code="u">http://vivaldi.nlr.ru/bx000016646/text</subfield>
  </datafield>
  <datafield tag="899" ind1=" " ind2=" ">
    <subfield code="a">&#x412;&#x41C;&#x41F;</subfield>
  </datafield>
  <datafield tag="899" ind1=" " ind2=" ">
    <subfield code="a">&#x420;&#x413;&#x411;</subfield>
  </datafield>
  <datafield tag="899" ind1=" " ind2=" ">
    <subfield code="a">&#x413;&#x41C;&#x417;&#x420;&#x41A;</subfield>
  </datafield>
  <datafield tag="899" ind1=" " ind2=" ">
    <subfield code="a">&#x41A;&#x43E;&#x441;&#x442;&#x41E;&#x423;&#x41D;&#x411;</subfield>
  </datafield>
  <datafield tag="899" ind1=" " ind2=" ">
    <subfield code="a">&#x411;&#x410;&#x41D;</subfield>
  </datafield>
  <datafield tag="899" ind1=" " ind2=" ">
    <subfield code="a">&#x413;&#x41F;&#x418;&#x411;</subfield>
  </datafield>
  <datafield tag="899" ind1=" " ind2=" ">
    <subfield code="a">&#x41D;&#x411;&#x41B; &#x41A;&#x413;&#x423;</subfield>
  </datafield>
  <datafield tag="942" ind1=" " ind2=" ">
    <subfield code="c">BOOK</subfield>
  </datafield>
  <datafield tag="980" ind1=" " ind2=" ">
    <subfield code="a">NB</subfield>
  </datafield>
  <datafield tag="980" ind1="3" ind2=" ">
    <subfield code="a">kpcivil</subfield>
  </datafield>
  <datafield tag="980" ind1="3" ind2=" ">
    <subfield code="a">kp</subfield>
  </datafield>
  <datafield tag="980" ind1=" " ind2=" ">
    <subfield code="a">A1XVIIIv</subfield>
  </datafield>
  <datafield tag="981" ind1="2" ind2="0">
    <subfield code="a">(20) &#x41A;&#x43D;&#x438;&#x436;&#x43D;&#x44B;&#x435; &#x43F;&#x430;&#x43C;&#x44F;&#x442;&#x43D;&#x438;&#x43A;&#x438; &#x420;&#x41D;&#x411;</subfield>
    <subfield code="b">(20) &#x420;&#x443;&#x441;&#x441;&#x43A;&#x438;&#x439; &#x43A;&#x43D;&#x438;&#x436;&#x43D;&#x44B;&#x439; &#x444;&#x43E;&#x43D;&#x434;</subfield>
  </datafield>
  <datafield tag="995" ind1=" " ind2=" ">
    <subfield code="5">2016-05-13</subfield>
    <subfield code="b">NLR02</subfield>
    <subfield code="c">NLR02</subfield>
    <subfield code="e">RFS</subfield>
    <subfield code="f">1-4667071</subfield>
    <subfield code="k">18.112.5.51</subfield>
    <subfield code="o">0</subfield>
    <subfield code="r">BOOK</subfield>
    <subfield code="s">18112551_</subfield>
  </datafield>
  <datafield tag="995" ind1=" " ind2=" ">
    <subfield code="5">2024-05-24</subfield>
    <subfield code="b">NLR01</subfield>
    <subfield code="c">NLR01</subfield>
    <subfield code="e">RZF</subfield>
    <subfield code="f">9673467-20</subfield>
    <subfield code="k">&#x420;&#x417;&#x424; 18 &#x432;. 1/335</subfield>
    <subfield code="o">0</subfield>
    <subfield code="r">BOOK</subfield>
    <subfield code="s">_181335</subfield>
  </datafield>
  <datafield tag="995" ind1=" " ind2=" ">
    <subfield code="5">2024-05-24</subfield>
    <subfield code="b">NLR01</subfield>
    <subfield code="c">NLR01</subfield>
    <subfield code="e">RZF</subfield>
    <subfield code="f">9673467-30</subfield>
    <subfield code="k">&#x420;&#x417;&#x424; 18 &#x432;. 1/335&#x430;</subfield>
    <subfield code="o">0</subfield>
    <subfield code="r">BOOK</subfield>
    <subfield code="s">_181335</subfield>
  </datafield>
</record>
